000 00586nam a2200157 a 4500
001 000040397
005 20201002034116.0
008 130823s2008 000 spa d
020 _a9789703243884
040 _aDO-SdBNP
_bspa
_cBNPHU
100 _aAlaniz Álvarez, Susana A.
_966700
245 1 0 _aExperimentos simples para entender una tierra complicada :
_bEureka! los continentes y los océanos flotan /
_cSusana A. Alaniz Álvarez.
260 _aMéxico :
_bUniversidad Nacional Autónoma de México,
_c2008.
300 _a27 p. :
_bil. ;
_c22 cm.
500 _aPrimera reimpresión 2008
999 _c39887
_d39887